000 00225nam a22000857a 4500
008 160715b xxu||||| |||| 00| 0 eng d
100 _92918
_aBrien T.O
245 _aGeneral Knowledge-8
260 _aNew Delhi
_bFrank Publication
_c2012
999 _c2483
_d2483